O corpo humano (Record no. 155149)

MARC details
000 -LÍDER
campo de controle de tamanho fixo 00275 a2200121 4500
001 - NÚMERO DE CONTROLE
campo de controle 155149
040 ## - FONTE DA CATALOGAÇÃO
Instituição que transcreveu o registro Escola São Tomás de Aquino
100 ## - ENTRADA PRINCIPAL--NOME PESSOAL
Nome pessoal FISCHER, Ricardo. A.
240 10 - TÍTULO UNIFORME
Título uniforme O corpo humano
Idioma da obra por
245 10 - TÍTULO
Título O corpo humano
697 ## - ENTRADA DE ASSUNTO LOCAL--ENTIDADE COLETIVA (RLIN)
Nome corporativo ou nome da jurisdição GENERALIDADES
942 ## - ELEMENTOS DE ENTRADA ADICIONADOS (KOHA)
Tipo de material Koha Livros
Holdings
Situação do descarte Situação das perdas Situação física Não pode ser emprestado Biblioteca de origem Biblioteca atual Data de aquisição Total de empréstimos Número de chamada completo Código de barras Data de último acesso Data do preço efetivo Tipo de material Koha
        ESTA - SÃO BENTO ESTA - SÃO BENTO 30/04/2024   000 FIS COR EST00009230 30/04/2024 30/04/2024 Livros